Las promesas electorales de candidatos a la presidencia de la república de Costa Rica, divulgadas en medios de prensa escrita, 2014 = Electoral promises of candidates to the presidency of the republic of Costa Rica, published in written media, 2014 /
Guardado en:
| Autor principal: | |
|---|---|
| Otros Autores: | , , |
| Formato: | Texto |
| Etiquetas: |
Agregar Etiqueta
Sin Etiquetas, Sea el primero en etiquetar este registro!
|
MARC
| LEADER | 00000 a a2200000 04500 | ||
|---|---|---|---|
| 001 | 48568 | ||
| 003 | |||
| 040 | |||
| 100 | |a Nicolás Jiménez, Yagna | ||
| 245 | |a Las promesas electorales de candidatos a la presidencia de la república de Costa Rica, divulgadas en medios de prensa escrita, 2014 = |b Electoral promises of candidates to the presidency of the republic of Costa Rica, published in written media, 2014 / |c Yagnna Nicolás Jiménez, Edwin Alvarado Mena, Jeff Rodríguez Alvarado, Allan Abarca Rodríguez | ||
| 700 | |a Alvarado Mena, Edwin | ||
| 700 | |a Rodríguez Alvarado, Jeff | ||
| 700 | |a Abarca Rodríguez, Allan | ||
| 773 | |g número147, (2015), páginas 15-26 : tablas, gráficos | ||
| 999 | |c 27393 |d 27393 | ||
| 773 | 0 | |0 18728 |9 1627 |a Universidad de Costa Rica |d San José, Costa Rica Editorial UCR 1956- |o 18143 |t Revista de Ciencias Sociales/ |x 04825276 | |
